02325nam a2200337 a 450000100100000000500170001000800410002702000150006804000250008308200260010810000300013424501070016426000380027130000270030950000210033650000420035750000730039950400300047250505000050265000530100265100570105565100730111265100730118591000300125895201380128895201380142695201380156495201320170295201380183499900150197200000184520200929145728.0090629s2001 dr a 001 0 spa d a9993484709 aDO-SdBNPbspacBNPHU a304.8729307294bM433a1 aMatías, Bernardo.9600410aAportes de la cultura haitiana en la frontera dominicana :bestudio exploratorio /cBernardo Matías. aSanto Domingo :bHelvetas,c2001. a67 p. :bil. ;c22 cm. aIncluye índice aInluye datos biográficos del autor. aIncluye referencias bibliográficas y notas al pie de las páginas aBibliografía : p. 61-620 aPresentación -- Introducción, objetivos y metodología del estudio-- Movimientos migratorios haitianos en la frontera -- Cultura del trabajo y del mercado-- Sincretismo, lenguaje y simbolismo religiosos-- Estructura familiar y relaciones de parentesco en la frontera -- Influencia haitiana en el idioma criollo dominicano de la frontera -- Percepción del dominicano frente a la cultura haitiana en la frontera : Dual y contradictoria -- Conclusión-- Bibliografía consultada -- Anexos. 4aMulticulturalismozRepública Dominicana.96005 4aRepública DominicanaxRelaciones Exteriores.92258 4aHaitíxEmigración E InmigraciónzRepública Dominicana.95922 4aRepública DominicanaxEmigración E InmigraciónzHaití.95923 aJornada de catalogación 001054708DSaGRbGRcCTd2009-06-29iLF1l0o304.8729307294 M433ap1845-30r2020-06-25te. 3w2020-06-25yLFDSZPréstamo en sala 001054708DSaGRbGRcCTd2009-06-29iLF1l0o304.8729307294 M433ap1845-40r2020-06-25te. 4w2020-06-25yLFDSZPréstamo en sala 001054708DSaGRbGRcCTd2009-06-29iLF1l0o304.8729307294 M433ap1845-50r2020-06-25te. 5w2020-06-25yLFDSZPréstamo en sala 001054708PDaPDbPDcCTd2009-06-29iLF1l0o304.8729307294 M433ap1845-10r2020-06-25w2020-06-25yLFPDZPréstamo en sala 001053728PDaPDbPDcCTd2009-06-29iLF1l0o304.8729307294 M433ap1845-20r2020-06-25te. 2w2020-06-25yLFPDZPréstamo en sala c1722d1722